000 01369nam a2200373 i 4500
999 _c2684
_d2684
001 020436457
003 UkOxU
005 20230810084400.0
008 150204m20152016enka j 000|0|eng|d
015 _aGBB569237
_2bnb
020 _a9780198393047
_qStudent book
035 _a(Uk)017380020
035 _a(StEdALDL)1/3317044
040 _aStDuBDS
_beng
_erda
_cStDuBDS
_dUkOxU
_dKH8
049 _aCROBAR
082 0 4 _a910 GAL
100 _aGallagher, RoseMarie,
_eauthor.
245 0 0 _aGeog.3 :
_bstudent book /
_cRoseMarie Gallagher
250 _aFourth edition.
264 1 _aOxford :
_bOxford University Press,
_c2015-2016.
300 _a144 pages :
_billustrations (black and white) ;
_c28-30 cm.
336 _atext
_2rdacontent
336 _astill image
_2rdacontent
337 _aunmediated
_2rdamedia
338 _avolume
_2rdacarrier
505 0 _aStudent book / Rosemarie Gallagher, Richard Parish -- Workbook / Justin Woolliscroft -- Workbook answer book / Justin Woolliscroft -- Teacher's handbook / Rosemarie Gallagher.
521 2 _aKey Stage 3.
650 0 _aGeography
_vTextbooks
650 0 _aGeography
_xStudy and teaching (Secondary)
_zGreat Britain.
650 0 _aGeography
_vProblems, exercises, etc.
_vJuvenile literature.
700 1 _aParish, Richard,
_d1953-
_eauthor.
700 1 _aWoolliscroft, Justin,
_eauthor.
942 _2ddc
_cTR